| 000 | 00849nam a2200265 i 4500 | ||
|---|---|---|---|
| 001 | 19885 | ||
| 003 | ES-MaACL | ||
| 005 | 20250924165159.0 | ||
| 007 | t| | ||
| 008 | 021023s1970 sp ||||1| spa d | ||
| 080 | _a301.185.14 | ||
| 080 | _a392.3 | ||
| 245 | 0 | 3 |
_aLa familia / _cErich Fromm [et al.] ; introducción de Ralph Limton ; [traducción de Jordí Solé-Tura]. |
| 250 | _a1ª ed. | ||
| 260 |
_aBarcelona : _bPenínsula, _c1970. |
||
| 300 |
_a296 p. ; _c20 cm. |
||
| 490 | 1 |
_aHistoria, ciencia, sociedad ; _v57 |
|
| 650 | 4 |
_aFamilias. _9153905 |
|
| 700 | 1 |
_aFromm, Erich, _d1900-1980 _952729 |
|
| 700 | 1 |
_aLimton, Ralph. _972318 |
|
| 700 | 1 |
_aSolé Tura, Jordi, _d1930-2009 _9107136 |
|
| 830 | 0 | 0 |
_aHistoria, ciencia, sociedad (Península) _v57 _9177444 |
| 852 |
_aES-MaACL _jC-48650 _bR.74639 |
||
| 999 |
_c19885 _d19885 |
||